000 00471nam a2200169 a 4500
005 20140412111325.0
008 110105s19uu xx 00 eng d
020 _a0-89565-696-5
050 _aTR(PS E
_bSm4 1988
100 _aMoncure, Jane Belk
245 _a"Smile says little crocodile" /
_cJane Belk Moncure.
260 _aMankato, MN :
_bThe Chils's world,
_c1988.
300 _a30p.
440 _aMagic castle readers
650 _aHealth care
999 _c104581
_d104581